Veinte poemas de amor y una canción desesperada
Kaydedildi:
| Yazar: | |
|---|---|
| Materyal Türü: | Kitap |
| Dil: | İspanyolca |
| Baskı/Yayın Bilgisi: |
Buenos Aires
Seix Barral
1985
|
| Seri Bilgileri: | Literatura Contemporánea
|
| Konular: | |
| Etiketler: |
Etiketle
Etiket eklenmemiş, İlk siz ekleyin!
|
MARC
| LEADER | 00000nam a2200000 a 4500 | ||
|---|---|---|---|
| 001 | UCH6711 | ||
| 003 | CL-VaPUC | ||
| 008 | 091109e19850000AG |||||||||||||||||spa|d | ||
| 082 | 0 | 4 | |a Ch861 |b NER |2 21 |
| 100 | |a Neruda, Pablo |e autor |9 306531 | ||
| 245 | 1 | 0 | |a Veinte poemas de amor y una canción desesperada |
| 300 | |a 158 p | ||
| 942 | |c BK | ||
| 945 | |d 20091109 00:00:00 |a lazolas | ||
| 260 | |a Buenos Aires |b Seix Barral |c 1985 | ||
| 650 | 0 | |a Poesías chilenas |9 265280 | |
| 650 | 0 | |a Literatura chilena |9 308278 | |
| 583 | |a last modification |c 20091109 00:00:00 |k Rodrigo Vera | ||
| 490 | 0 | |a Literatura Contemporánea | |
| 999 | |c 337544 |d 337542 | ||